000 01386nam a2200253Ia 4500
003 Ost
005 20260507075230.0
008 260507s9999||||xx |||||||||||||| ||und||
020 _a40002499579
040 _cfsecg
041 _aara
082 _a330
100 _aابو بكر، عيد احمد
_eمؤلف
245 0 _aرياضيات التمويل و الاستثمار /
_c عيد احمد ابو بكر
260 _aعمان:
_bدار صفاء,
_c2009
300 _a544 صفحة؛
_bإيضاحات ؛
_c24 سم
504 _aمراجع ص.543 ؛جداول ص.503
520 _a1) الفائدة البسيطة : الفائدة و الجملة، القيمة الحالية و الخصم ، خصم الاوراق التجارية ، سداد و تسوية الديون قصيرة الاجل ، الدفعات ، طرق سداد (استهلاك) القروض قصيرة الاجل 2) الفائدة المركبة : الفائدة و الجملة ، القيمة الحالية و الخصم ، تسوية و استبدال الديون طويلة الاجل ، الدفعات المتساوية ، استهلاك القروض العادية ، تقييم و استهلاك السندات .
653 _aالإحصاء الرياضي
653 _aالإستثمار
653 _aالتمويل
653 _aالرياضيات- المالية
942 _cكتاب
999 _c43559
_d43559